000 00588cam a2200205 4500500
005 20260405002534.0
041 _afre
042 _adc
100 1 0 _aTesson, Sylvain
_eauthor
245 0 0 _aLes Vercors intérieurs
260 _c2017.
500 _a48
690 _aForteresse
690 _aMartyre
690 _aRésistance
690 _aSylvain Tesson
690 _aVercors
786 0 _nPhilosophie magazine | 113 | 10 | 2017-10-01 | p. 20-20 | 1951-1787
856 4 1 _uhttps://shs.cairn.info/magazine-philosophie-magazine-2017-10-page-20?lang=fr&redirect-ssocas=7080
999 _c2058664
_d2058664